Teen Wolf (personnages) - Statistiques

Statistiques générales
  • Ce quiz a été pris 444 fois
  • Le résultat moyen est 10 sur 16
Statistiques - réponses
Par images Réponse % Correct
Allison Argent
92%
Scott McCall
92%
Stiles Stilinski
90%
Derek Hale
87%
Lydia Martin
85%
Gerard Argent
82%
Malia Tate
77%
Melissa McCall
74%
Sherif Stilinski
50%
Deucalion
47%
Liam Dunbar
47%
Alan Deaton
42%
Isaac Lahey
38%
Kira Yukimura
36%
Jackson Whittemore
29%
Coach Bobby
23%
Aucun quiz correspondant
Distribution des résultats
% des personnes avec chaque résultat
Percentile par nombre de réponses
Votre historique - résultats
Vous n’avez pas pris ce quiz